[Event "XIX Najdorf Memorial 2019"]
[Site "Warsaw"]
[Date "2019.07.08"]
[Round "3.13"]
[White "Noe, Christopher"]
[Black "Czerw, Dawid"]
[Result "1-0"]
[WhiteElo "2534"]
[BlackElo "2326"]
[Annotator "ChessBase"]
[PlyCount "55"]
[EventDate "2019.07.06"]
[EventType "swiss"]
[EventCountry "POL"]
[SourceTitle "playchess.com"]
[Source "ChessBase"]
[SourceQuality "1"]
[TimeControl "40/5400+30:1800+30"]

1. d4 {[%emt 0:01:48]} Nf6 {[%emt 0:00:00]} 2. c4 {[%emt 0:00:17]} e6 {[%emt 0:00:00]} 3. Nf3 {[%emt 0:00:10]} d5 {[%emt 0:00:00]} 4. Nc3 {[%emt 0:00:16]} c6 {[%emt 0:00:04]} 5. e3 {[%emt 0:00:29]} a6 {[%emt 0:00:12]} 6. Qc2 {[%emt 0:00:30]} c5 {[%emt 0:00:59]} 7. cxd5 {[%emt 0:02:28]} exd5 {[%emt 0:05:01]} 8. dxc5 {[%emt 0:01:41]} Bxc5 {[%emt 0:01:16]} 9. Be2 {[%emt 0:00:11]} O-O {[%emt 0:08:41]} 10. O-O {[%emt 0:00:35]} Nc6 {[%emt 0:03:46]} 11. Rd1 {[%emt 0:01:50]} Bd6 {[%emt 0:02:44]} 12. b3 {[%emt 0:12:15]} Qe7 {[%emt 0:12:57]} 13. Bb2 {[%emt 0:02:19]} Bg4 {[%emt 0:06:03]} 14. Nxd5 {[%emt 0:08:36]} Nxd5 {[%emt 0:02:08]} 15. Rxd5 {[%emt 0:00:06]} Nb4 {[%emt 0:11:01]} 16. Qc3 {[%emt 0:00:07]} f6 {[%emt 0:00:12]} 17. Rd4 {[%emt 0:04:44]} Bf5 {[%emt 0:09:35]} 18. Bc4+ {[%emt 0:06:44]} Kh8 {[%emt 0:00:51]} 19. Nh4 {[%emt 0:00:07]} Be4 {[%emt 0:08:42]} 20. f3 {[%emt 0:02:04]} Bc2 {[%emt 0:02:31]} 21. a3 {[%emt 0:05:50]} Be5 {[%emt 0:06:33]} 22. axb4 {[%emt 0:01:19]} Bxd4 {[%emt 0:01:32]} 23. exd4 {[%emt 0:00:06]} b5 {[%emt 0:04:06]} 24. Re1 {[%emt 0:01:44]} Qd6 {[%emt 0:01:01]} 25. Be6 {[%emt 0:00:14]} Bg6 {[%emt 0:05:01]} 26. Nxg6+ {[%emt 0:00:13]} hxg6 {[%emt 0:00:02]} 27. f4 {[%emt 0:02:03]} Qxf4 {[%emt 0:01:02]} 28. Re3 {[%emt 0:00:09]} 1-0

[Event "XIX Najdorf Memorial 2019"]
[Site "Warsaw"]
[Date "2019.07.08"]
[Round "3.13"]
[White "Krishna Teja, N."]
[Black "Sowul, Bartosz"]
[Result "0-1"]
[WhiteElo "2368"]
[BlackElo "2210"]
[Annotator "NA"]
[PlyCount "90"]
[EventDate "2019.07.06"]
[EventType "swiss"]
[EventCountry "POL"]
[SourceTitle "playchess.com"]
[Source "ChessBase"]
[SourceQuality "1"]
[TimeControl "40/5400+30:1800+30"]

1. d4 {[%emt 0:00:00]} Nf6 {[%emt 0:00:00]} 2. c4 {[%emt 0:00:00]} c5 {[%emt 0:00:00]} 3. Nf3 {[%emt 0:00:00]} g6 {[%emt 0:00:39]} 4. d5 {[%emt 0:00:55]} b5 {[%emt 0:12:03]} 5. cxb5 {[%emt 0:00:03]} a6 {[%emt 0:00:09]} 6. b6 {[%emt 0:00:04]} Bg7 {[%emt 0:00:22]} 7. Nc3 {[%emt 0:00:03]} O-O {[%emt 0:01:07]} 8. e4 {[%emt 0:01:11]} d6 {[%emt 0:02:01]} 9. a4 {[%emt 0:00:21]} a5 {[%emt 0:00:56]} 10. Bb5 {[%emt 0:03:36]} Nbd7 {[%emt 0:02:27]} 11. O-O {[%emt 0:00:29]} Nxb6 {[%emt 0:00:10]} 12. e5 {[%emt 0:04:15]} Ng4 {[%emt 0:10:20]} 13. exd6 {[%emt 0:00:52]} exd6 {[%emt 0:00:35]} 14. Bc6 {[%emt 0:01:24]} Ra7 {[%emt 0:04:21]} 15. Nb5 {[%emt 0:01:13]} Re7 {[%emt 0:02:13]} 16. h3 {[%emt 0:08:13]} Nf6 {[%emt 0:07:08]} 17. Bf4 {[%emt 0:04:55]} Ne4 {[%emt 0:09:47]} 18. Qc2 {[%emt 0:00:23]} Bf5 {[%emt 0:03:11]} 19. Nh4 {[%emt 0:03:03]} Bd7 {[%emt 0:20:30]} 20. f3 {[%emt 0:01:20]} Nf6 {[%emt 0:09:18]} 21. Rfd1 {[%emt 0:03:38]} Rfe8 {[%emt 0:04:43]} 22. Nxd6 {[%emt 0:08:16]} Re2 {[%emt 0:01:22]} 23. Rd2 {[%emt 0:00:03]} Re1+ {[%emt 0:03:04]} 24. Rxe1 {[%emt 0:01:07]} Rxe1+ {[%emt 0:00:07]} 25. Kf2 {[%emt 0:03:29]} Rh1 {[%emt 0:02:49]} 26. Nb7 {[%emt 0:16:17]} Qe7 {[%emt 0:01:16]} 27. Re2 {[%emt 0:04:22]} Ne4+ {[%emt 0:00:56]} 28. Qxe4 {[%emt 0:00:07]} Qxh4+ {[%emt 0:00:16]} 29. Bg3 {[%emt 0:01:01]} Bd4+ {[%emt 0:01:24]} 30. Re3 {[%emt 0:00:02]} Qg5 {[%emt 0:01:02]} 31. f4 {[%emt 0:00:44]} Qh5 {[%emt 0:00:35]} 32. Bxd7 {[%emt 0:02:08]} Qd1 {[%emt 0:00:20]} 33. Bb5 {[%emt 0:00:39]} c4 {[%emt 0:00:30]} 34. Bh4 {[%emt 0:02:10]} Qe1+ {[%emt 0:00:18]} 35. Kf3 {[%emt 0:00:02]} Rf1+ {[%emt 0:00:29]} 36. Kg4 {[%emt 0:00:01]} f5+ {[%emt 0:00:22]} 37. Kg5 {[%emt 0:00:04]} Bf6+ {[%emt 0:00:27]} 38. Kxf6 {[%emt 0:00:14]} Qxh4+ {[%emt 0:00:06]} 39. Ke6 {[%emt 0:00:15]} fxe4 {[%emt 0:00:14]} 40. g3 {[%emt 0:00:00]} Qh5 {[%emt 0:00:00]} 41. Bc6 {[%emt 0:02:58]} Rd1 {[%emt 0:11:11]} 42. g4 {[%emt 0:03:20]} Qh6 {[%emt 0:01:13]} 43. Rxe4 {[%emt 0:02:05]} g5+ {[%emt 0:03:18]} 44. Ke5 {[%emt 0:00:03]} Qg7+ {[%emt 0:00:43]} 45. Kf5 {[%emt 0:00:18]} Qf7+ {[%emt 0:00:20]} 0-1

[Event "XIX Najdorf Memorial 2019"]
[Site "Warsaw"]
[Date "2019.07.08"]
[Round "3.14"]
[White "Ali Marandi, Cemil Can"]
[Black "Deszczynski, Adam"]
[Result "1/2-1/2"]
[WhiteElo "2527"]
[BlackElo "2304"]
[Annotator "ChessBase"]
[PlyCount "54"]
[EventDate "2019.07.06"]
[EventType "swiss"]
[EventCountry "POL"]
[SourceTitle "playchess.com"]
[Source "ChessBase"]
[SourceQuality "1"]
[TimeControl "40/5400+30:1800+30"]

1. d4 {[%emt 0:00:00]} d5 {[%emt 0:01:46]} 2. Bf4 {[%emt 0:00:00]} Nf6 {[%emt 0:02:10]} 3. e3 {[%emt 0:00:00]} c5 {[%emt 0:02:26]} 4. c3 {[%emt 0:00:09]} Nc6 {[%emt 0:00:57]} 5. Nd2 {[%emt 0:00:10]} Bf5 {[%emt 0:02:45]} 6. Qb3 {[%emt 0:00:36]} Qd7 {[%emt 0:03:21]} 7. Ngf3 {[%emt 0:03:34]} c4 {[%emt 0:05:29]} 8. Qd1 {[%emt 0:00:17]} h6 {[%emt 0:03:50]} 9. b3 {[%emt 0:06:54]} cxb3 {[%emt 0:14:33]} 10. axb3 {[%emt 0:00:16]} e6 {[%emt 0:03:11]} 11. Bb5 {[%emt 0:06:36]} Bd6 {[%emt 0:12:41]} 12. Ne5 {[%emt 0:01:12]} Qc7 {[%emt 0:03:47]} 13. g4 {[%emt 0:29:07]} Bh7 {[%emt 0:01:33]} 14. h4 {[%emt 0:06:14]} Nd7 {[%emt 0:00:54]} 15. Nxd7 {[%emt 0:00:24]} Bxf4 {[%emt 0:04:09]} 16. exf4 {[%emt 0:01:03]} Kxd7 {[%emt 0:02:46]} 17. Qf3 {[%emt 0:01:43]} a6 {[%emt 0:07:21]} 18. Be2 {[%emt 0:00:15]} Rac8 {[%emt 0:10:59]} 19. h5 {[%emt 0:00:54]} Qd6 {[%emt 0:04:20]} 20. Qe3 {[%emt 0:04:43]} f6 {[%emt 0:00:26]} 21. O-O {[%emt 0:01:45]} g6 {[%emt 0:02:11]} 22. b4 {[%emt 0:07:05]} gxh5 {[%emt 0:04:04]} 23. gxh5 {[%emt 0:00:14]} Rcg8+ {[%emt 0:02:04]} 24. Kh1 {[%emt 0:00:06]} Ne7 {[%emt 0:01:10]} 25. Rg1 {[%emt 0:07:21]} Nf5 {[%emt 0:00:19]} 26. Qf3 {[%emt 0:00:01]} Nh4 {[%emt 0:00:55]} 27. Qe3 {[%emt 0:00:01]} Nf5 {[%emt 0:00:42]} 1/2-1/2

[Event "XIX Najdorf Memorial 2019"]
[Site "Warsaw"]
[Date "2019.07.08"]
[Round "3.14"]
[White "Malek, Daniel"]
[Black "Budrewicz, Krzysztof"]
[Result "0-1"]
[WhiteElo "2362"]
[BlackElo "2188"]
[Annotator "NA"]
[PlyCount "102"]
[EventDate "2019.07.06"]
[EventType "swiss"]
[EventCountry "POL"]
[SourceTitle "playchess.com"]
[Source "ChessBase"]
[SourceQuality "1"]
[TimeControl "40/5400+30:1800+30"]

1. d4 {[%emt 0:00:00]} g6 {[%emt 0:00:00]} 2. c4 {[%emt 0:00:00]} Bg7 {[%emt 0:00:00]} 3. e4 {[%emt 0:00:00]} d6 {[%emt 0:00:08]} 4. Nc3 {[%emt 0:00:00]} Nf6 {[%emt 0:00:35]} 5. Be2 {[%emt 0:00:09]} O-O {[%emt 0:00:22]} 6. Be3 {[%emt 0:00:07]} Na6 {[%emt 0:01:08]} 7. Nf3 {[%emt 0:00:24]} e5 {[%emt 0:00:31]} 8. O-O {[%emt 0:00:09]} Ng4 {[%emt 0:15:33]} 9. Bg5 {[%emt 0:00:09]} Qe8 {[%emt 0:00:05]} 10. dxe5 {[%emt 0:01:01]} dxe5 {[%emt 0:02:20]} 11. Qc1 {[%emt 0:01:53]} c6 {[%emt 0:03:20]} 12. h3 {[%emt 0:00:38]} Nf6 {[%emt 0:00:07]} 13. Rd1 {[%emt 0:02:45]} Nc5 {[%emt 0:01:42]} 14. Qc2 {[%emt 0:01:52]} Ne6 {[%emt 0:04:26]} 15. Be3 {[%emt 0:01:08]} Nh5 {[%emt 0:00:36]} 16. Rab1 {[%emt 0:21:20]} Qe7 {[%emt 0:03:31]} 17. b4 {[%emt 0:01:58]} Nhf4 {[%emt 0:02:47]} 18. Bf1 {[%emt 0:01:15]} Qf6 {[%emt 0:03:12]} 19. Ne1 {[%emt 0:15:16]} Nd4 {[%emt 0:05:18]} 20. Bxd4 {[%emt 0:01:39]} exd4 {[%emt 0:00:06]} 21. Ne2 {[%emt 0:00:07]} Nxe2+ {[%emt 0:03:15]} 22. Bxe2 {[%emt 0:02:27]} a5 {[%emt 0:00:11]} 23. a3 {[%emt 0:04:34]} axb4 {[%emt 0:00:27]} 24. axb4 {[%emt 0:00:02]} Re8 {[%emt 0:01:20]} 25. Bd3 {[%emt 0:13:08]} Be6 {[%emt 0:11:05]} 26. Ra1 {[%emt 0:00:15]} Qf4 {[%emt 0:04:09]} 27. g3 {[%emt 0:09:20]} Qd6 {[%emt 0:04:17]} 28. c5 {[%emt 0:02:25]} Qc7 {[%emt 0:00:48]} 29. Kg2 {[%emt 0:00:55]} Qd7 {[%emt 0:03:01]} 30. h4 {[%emt 0:00:29]} Bh3+ {[%emt 0:00:39]} 31. Kh2 {[%emt 0:00:19]} Bg4 {[%emt 0:00:04]} 32. f3 {[%emt 0:00:59]} Be6 {[%emt 0:00:04]} 33. f4 {[%emt 0:02:50]} Bg4 {[%emt 0:01:15]} 34. Rdb1 {[%emt 0:00:05]} Qc7 {[%emt 0:07:10]} 35. Kg2 {[%emt 0:00:46]} Rad8 {[%emt 0:05:57]} 36. Nf3 {[%emt 0:01:02]} Bc8 {[%emt 0:00:08]} 37. Nd2 {[%emt 0:01:16]} b5 {[%emt 0:03:55]} 38. cxb6 {[%emt 0:08:15]} Qxb6 {[%emt 0:00:04]} 39. Nc4 {[%emt 0:00:06]} Qc7 {[%emt 0:00:42]} 40. Na5 {[%emt 0:00:00]} Qd7 {[%emt 0:00:00]} 41. Kf2 {[%emt 0:02:41]} Ba6 {[%emt 0:13:01]} 42. Bxa6 {[%emt 0:07:16]} d3 {[%emt 0:00:04]} 43. Qxc6 {[%emt 0:00:09]} Qa7+ {[%emt 0:02:13]} 44. Kf3 {[%emt 0:00:13]} Bxa1 {[%emt 0:00:13]} 45. Rxa1 {[%emt 0:00:08]} Re6 {[%emt 0:00:36]} 46. Qc4 {[%emt 0:06:18]} Rxa6 {[%emt 0:00:44]} 47. Rd1 {[%emt 0:00:31]} d2 {[%emt 0:03:37]} 48. Ke2 {[%emt 0:09:23]} Qd7 {[%emt 0:00:14]} 49. f5 {[%emt 0:00:56]} Rd6 {[%emt 0:01:11]} 50. b5 {[%emt 0:02:48]} Rd4 {[%emt 0:00:26]} 51. Qc6 {[%emt 0:00:30]} Qe7 {[%emt 0:00:42]} 0-1

[Event "XIX Najdorf Memorial 2019"]
[Site "Warsaw"]
[Date "2019.07.08"]
[Round "3.15"]
[White "Mosesov, Danylo"]
[Black "Lisowski, Krzysztof"]
[Result "1-0"]
[WhiteElo "2353"]
[BlackElo "2187"]
[Annotator "NA"]
[PlyCount "69"]
[EventDate "2019.07.06"]
[EventType "swiss"]
[EventCountry "POL"]
[SourceTitle "playchess.com"]
[Source "ChessBase"]
[SourceQuality "1"]
[TimeControl "40/5400+30:1800+30"]

1. e4 {[%emt 0:01:27]} c5 {[%emt 0:07:24]} 2. Nf3 {[%emt 0:00:09]} Nc6 {[%emt 0:00:09]} 3. d4 cxd4 {[%emt 0:00:40]} 4. Nxd4 {[%emt 0:00:15]} Nf6 {[%emt 0:00:16]} 5. Nc3 {[%emt 0:00:06]} e5 {[%emt 0:00:05]} 6. Ndb5 {[%emt 0:00:02]} d6 {[%emt 0:00:05]} 7. Nd5 {[%emt 0:00:02]} Nxd5 {[%emt 0:00:05]} 8. exd5 {[%emt 0:00:03]} Ne7 {[%emt 0:00:28]} 9. c4 {[%emt 0:00:05]} Ng6 {[%emt 0:03:02]} 10. Qa4 {[%emt 0:01:18]} Bd7 {[%emt 0:00:19]} 11. Qb4 {[%emt 0:00:04]} Qb8 {[%emt 0:00:50]} 12. h4 {[%emt 0:02:39]} h5 {[%emt 0:00:26]} 13. Be3 {[%emt 0:01:10]} a6 {[%emt 0:04:06]} 14. Nc3 {[%emt 0:01:39]} Be7 {[%emt 0:00:27]} 15. g3 {[%emt 0:01:24]} f5 {[%emt 0:06:26]} 16. Be2 {[%emt 0:03:33]} Qc7 {[%emt 0:25:53]} 17. O-O-O {[%emt 0:07:25]} Rc8 {[%emt 0:12:25]} 18. Bb6 {[%emt 0:03:56]} Qb8 {[%emt 0:00:14]} 19. Kb1 {[%emt 0:00:13]} e4 {[%emt 0:02:01]} 20. Bd4 {[%emt 0:05:33]} Kf7 {[%emt 0:02:29]} 21. f3 {[%emt 0:06:28]} exf3 {[%emt 0:03:03]} 22. Bxf3 {[%emt 0:00:08]} Bf6 {[%emt 0:01:07]} 23. Bxf6 {[%emt 0:05:43]} Kxf6 {[%emt 0:00:08]} 24. Rhf1 {[%emt 0:00:15]} Ne5 {[%emt 0:01:05]} 25. Be2 {[%emt 0:00:07]} Kg6 {[%emt 0:02:29]} 26. Qb6 {[%emt 0:23:04]} Rc5 {[%emt 0:07:21]} 27. Rd4 {[%emt 0:02:41]} Rhc8 {[%emt 0:06:16]} 28. Qb3 {[%emt 0:04:08]} Qc7 {[%emt 0:01:06]} 29. Rc1 {[%emt 0:09:43]} Nxc4 {[%emt 0:00:47]} 30. Bxc4 {[%emt 0:01:29]} Rxc4 {[%emt 0:00:08]} 31. Rxc4 {[%emt 0:00:11]} Qxc4 {[%emt 0:00:10]} 32. Qxb7 {[%emt 0:00:10]} Bb5 {[%emt 0:13:45]} 33. Qe7 {[%emt 0:01:04]} Qd3+ {[%emt 0:00:10]} 34. Ka1 {[%emt 0:00:04]} Qxd5 35. Qg5+ {[%emt 0:00:26]} 1-0

[Event "XIX Najdorf Memorial 2019"]
[Site "Warsaw"]
[Date "2019.07.08"]
[Round "3.15"]
[White "Kucza, Karol"]
[Black "Shyam, Sundar M."]
[Result "0-1"]
[WhiteElo "2315"]
[BlackElo "2520"]
[Annotator "ChessBase"]
[PlyCount "72"]
[EventDate "2019.07.06"]
[EventType "swiss"]
[EventCountry "POL"]
[SourceTitle "playchess.com"]
[Source "ChessBase"]
[SourceQuality "1"]
[TimeControl "40/5400+30:1800+30"]

1. e4 {[%emt 0:00:00]} c5 {[%emt 0:00:44]} 2. Nf3 {[%emt 0:00:00]} d6 {[%emt 0:00:06]} 3. d4 {[%emt 0:00:00]} cxd4 {[%emt 0:00:24]} 4. Nxd4 {[%emt 0:00:00]} Nf6 {[%emt 0:00:02]} 5. Nc3 {[%emt 0:00:08]} Nc6 {[%emt 0:00:25]} 6. Bg5 {[%emt 0:00:10]} e6 {[%emt 0:00:04]} 7. Qd2 {[%emt 0:00:08]} Be7 {[%emt 0:00:03]} 8. O-O-O {[%emt 0:01:12]} a6 {[%emt 0:00:04]} 9. f4 {[%emt 0:03:40]} Bd7 {[%emt 0:00:05]} 10. Nf3 {[%emt 0:03:32]} b5 {[%emt 0:00:07]} 11. Bxf6 {[%emt 0:11:42]} gxf6 {[%emt 0:00:17]} 12. Bd3 {[%emt 0:00:37]} b4 {[%emt 0:06:16]} 13. Ne2 {[%emt 0:01:46]} Qb6 {[%emt 0:00:16]} 14. Kb1 {[%emt 0:01:30]} a5 {[%emt 0:02:50]} 15. f5 {[%emt 0:03:23]} Qc5 {[%emt 0:04:12]} 16. Nf4 {[%emt 0:10:06]} a4 {[%emt 0:15:28]} 17. fxe6 {[%emt 0:02:09]} fxe6 {[%emt 0:04:06]} 18. Qe2 {[%emt 0:00:17]} Ne5 {[%emt 0:07:29]} 19. Nxe5 {[%emt 0:02:11]} Qxe5 {[%emt 0:00:07]} 20. Rhf1 {[%emt 0:02:14]} a3 {[%emt 0:02:40]} 21. Qh5+ {[%emt 0:00:39]} Kd8 {[%emt 0:24:34]} 22. Qxe5 {[%emt 0:00:22]} fxe5 {[%emt 0:00:02]} 23. Nh5 {[%emt 0:02:27]} Bg5 {[%emt 0:08:36]} 24. b3 {[%emt 0:21:21]} Ke7 {[%emt 0:00:55]} 25. Ng3 {[%emt 0:00:06]} h5 {[%emt 0:05:09]} 26. Ne2 {[%emt 0:00:06]} Rac8 {[%emt 0:05:06]} 27. Ba6 {[%emt 0:02:50]} Rcg8 {[%emt 0:02:18]} 28. c3 {[%emt 0:06:09]} Bc6 {[%emt 0:00:04]} 29. Bd3 {[%emt 0:00:15]} bxc3 {[%emt 0:01:37]} 30. Nxc3 {[%emt 0:00:10]} Be3 {[%emt 0:00:07]} 31. g3 {[%emt 0:00:20]} h4 {[%emt 0:00:04]} 32. Rf3 {[%emt 0:01:15]} Bd4 {[%emt 0:00:35]} 33. Ne2 {[%emt 0:00:08]} Bc5 {[%emt 0:02:03]} 34. Rc1 {[%emt 0:01:56]} hxg3 {[%emt 0:00:12]} 35. hxg3 {[%emt 0:00:18]} Rh2 {[%emt 0:00:11]} 36. b4 {[%emt 0:00:25]} Ra8 0-1

[Event "XIX Najdorf Memorial 2019"]
[Site "Warsaw"]
[Date "2019.07.08"]
[Round "3.16"]
[White "Oglaza, Oskar"]
[Black "Lukasiewicz, Krzysztof"]
[Result "1-0"]
[WhiteElo "2345"]
[BlackElo "2172"]
[Annotator "NA"]
[PlyCount "89"]
[EventDate "2019.07.06"]
[EventType "swiss"]
[EventCountry "POL"]
[SourceTitle "playchess.com"]
[Source "ChessBase"]
[SourceQuality "1"]
[TimeControl "40/5400+30:1800+30"]

1. d4 {[%emt 0:00:00]} d5 {[%emt 0:00:00]} 2. c4 {[%emt 0:00:00]} e6 {[%emt 0:00:00]} 3. Nc3 {[%emt 0:00:00]} Nf6 {[%emt 0:00:00]} 4. cxd5 {[%emt 0:00:00]} exd5 {[%emt 0:00:00]} 5. Bg5 {[%emt 0:00:00]} c6 {[%emt 0:00:00]} 6. e3 {[%emt 0:00:01]} Be7 {[%emt 0:00:04]} 7. Bd3 {[%emt 0:00:28]} Nbd7 {[%emt 0:00:06]} 8. Qc2 {[%emt 0:00:06]} Nh5 {[%emt 0:00:06]} 9. Bxe7 {[%emt 0:00:05]} Qxe7 {[%emt 0:00:03]} 10. O-O-O {[%emt 0:00:11]} g6 {[%emt 0:00:20]} 11. h3 {[%emt 0:01:28]} Nb6 {[%emt 0:00:29]} 12. Kb1 {[%emt 0:00:06]} Ng7 {[%emt 0:00:32]} 13. g4 {[%emt 0:00:04]} Be6 {[%emt 0:00:12]} 14. Nf3 {[%emt 0:00:09]} O-O-O {[%emt 0:00:05]} 15. Na4 {[%emt 0:00:27]} Nxa4 {[%emt 0:00:05]} 16. Qxa4 {[%emt 0:00:03]} Kb8 {[%emt 0:00:04]} 17. Rc1 {[%emt 0:00:52]} Ne8 {[%emt 0:00:19]} 18. Rc3 {[%emt 0:10:09]} Nd6 {[%emt 0:00:20]} 19. Rhc1 {[%emt 0:07:10]} Nc4 {[%emt 0:02:34]} 20. Ne5 {[%emt 0:30:29]} Nxe5 {[%emt 0:03:39]} 21. dxe5 {[%emt 0:01:28]} d4 {[%emt 0:00:30]} 22. Ra3 {[%emt 0:05:32]} a6 {[%emt 0:00:57]} 23. exd4 {[%emt 0:00:11]} Qd7 {[%emt 0:01:24]} 24. Bxa6 {[%emt 0:05:13]} bxa6 {[%emt 0:02:01]} 25. Rxc6 {[%emt 0:00:04]} Qxd4 {[%emt 0:02:03]} 26. Rb3+ {[%emt 0:00:19]} Bxb3 {[%emt 0:04:17]} 27. Qxb3+ {[%emt 0:00:48]} Ka8 {[%emt 0:00:16]} 28. Rxa6+ {[%emt 0:00:05]} Qa7 {[%emt 0:00:02]} 29. Rxa7+ {[%emt 0:00:06]} Kxa7 {[%emt 0:00:03]} 30. Qxf7+ {[%emt 0:00:05]} Kb6 {[%emt 0:02:56]} 31. e6 {[%emt 0:00:26]} Rhf8 {[%emt 0:08:03]} 32. Qe7 {[%emt 0:00:09]} Rfe8 {[%emt 0:00:56]} 33. Qf7 {[%emt 0:02:05]} Rf8 {[%emt 0:03:52]} 34. Qxh7 {[%emt 0:00:03]} Rxf2 {[%emt 0:00:10]} 35. a3 {[%emt 0:00:01]} Rdd2 {[%emt 0:06:53]} 36. Qg7 {[%emt 0:01:38]} Kc6 {[%emt 0:06:35]} 37. h4 {[%emt 0:00:53]} Kd6 {[%emt 0:03:40]} 38. Qd7+ {[%emt 0:00:07]} Kc5 {[%emt 0:00:04]} 39. Qc7+ {[%emt 0:00:28]} Kd5 {[%emt 0:00:42]} 40. e7 {[%emt 0:00:00]} Rxb2+ {[%emt 0:00:00]} 41. Kc1 {[%emt 0:01:54]} Ra2 {[%emt 0:08:30]} 42. Qd7+ {[%emt 0:00:06]} Kc4 {[%emt 0:00:11]} 43. Qe6+ {[%emt 0:00:07]} Kc3 {[%emt 0:00:16]} 44. Qe3+ {[%emt 0:00:02]} Kc4 {[%emt 0:00:09]} 45. Qxf2 {[%emt 0:00:03]} 1-0

[Event "XIX Najdorf Memorial 2019"]
[Site "Warsaw"]
[Date "2019.07.08"]
[Round "3.17"]
[White "Kubicka, Anna"]
[Black "Jacobsen, Mikkel Manosri"]
[Result "1-0"]
[WhiteElo "2202"]
[BlackElo "2343"]
[Annotator "NA"]
[PlyCount "73"]
[EventDate "2019.07.06"]
[EventType "swiss"]
[EventCountry "POL"]
[SourceTitle "playchess.com"]
[Source "ChessBase"]
[SourceQuality "1"]
[TimeControl "40/5400+30:1800+30"]

1. e4 {[%emt 0:08:13]} c6 {[%emt 0:00:00]} 2. d4 {[%emt 0:00:21]} d5 {[%emt 0:00:00]} 3. e5 {[%emt 0:00:16]} Bf5 {[%emt 0:00:00]} 4. Nf3 {[%emt 0:00:35]} e6 {[%emt 0:00:07]} 5. Be2 {[%emt 0:00:08]} Ne7 {[%emt 0:00:04]} 6. O-O {[%emt 0:00:08]} Nd7 {[%emt 0:00:02]} 7. Nbd2 {[%emt 0:00:14]} h6 {[%emt 0:00:05]} 8. c3 {[%emt 0:00:05]} g5 {[%emt 0:00:06]} 9. b4 {[%emt 0:00:13]} Qc7 {[%emt 0:01:43]} 10. Nb3 {[%emt 0:00:21]} Bg7 {[%emt 0:01:55]} 11. Ne1 {[%emt 0:00:26]} O-O-O {[%emt 0:05:35]} 12. Nd3 {[%emt 0:01:22]} f6 {[%emt 0:23:37]} 13. f4 {[%emt 0:02:34]} Rdf8 {[%emt 0:03:04]} 14. Nbc5 {[%emt 0:04:02]} Nxc5 {[%emt 0:14:48]} 15. Nxc5 {[%emt 0:01:04]} b6 {[%emt 0:05:54]} 16. Na6 {[%emt 0:16:57]} Qd7 {[%emt 0:00:05]} 17. b5 {[%emt 0:01:01]} gxf4 {[%emt 0:01:21]} 18. exf6 {[%emt 0:02:49]} Bxf6 {[%emt 0:00:16]} 19. Bxf4 {[%emt 0:01:08]} Bg5 {[%emt 0:00:54]} 20. bxc6 {[%emt 0:04:19]} Nxc6 {[%emt 0:03:25]} 21. Bg3 {[%emt 0:05:00]} Na5 {[%emt 0:00:33]} 22. Nb8 {[%emt 0:05:42]} Qe8 {[%emt 0:03:29]} 23. Ba6+ {[%emt 0:07:02]} Kd8 {[%emt 0:01:33]} 24. Qe2 {[%emt 0:00:14]} Be4 {[%emt 0:05:53]} 25. Bb5 {[%emt 0:08:32]} Qe7 {[%emt 0:03:24]} 26. Bd7 {[%emt 0:05:42]} Qa3 {[%emt 0:05:31]} 27. Bxe6 {[%emt 0:04:12]} Qxc3 {[%emt 0:02:26]} 28. Qb5 {[%emt 0:02:48]} Qxd4+ {[%emt 0:00:56]} 29. Bf2 {[%emt 0:04:13]} Qg7 {[%emt 0:00:14]} 30. Rad1 {[%emt 0:02:31]} Qc7 {[%emt 0:09:48]} 31. Rxd5+ {[%emt 0:01:05]} Bxd5 {[%emt 0:00:07]} 32. Qxd5+ {[%emt 0:00:03]} Ke7 {[%emt 0:00:23]} 33. Bg4 {[%emt 0:05:09]} Rf4 {[%emt 0:06:42]} 34. Re1+ {[%emt 0:02:14]} Kf6 {[%emt 0:01:24]} 35. Nd7+ {[%emt 0:01:35]} Kg6 {[%emt 0:00:17]} 36. Qd3+ {[%emt 0:02:18]} Kf7 {[%emt 0:00:59]} 37. Bh5+ {[%emt 0:00:14]} 1-0

[Event "XIX Najdorf Memorial 2019"]
[Site "Warsaw"]
[Date "2019.07.08"]
[Round "3.18"]
[White "Fus, Jakub"]
[Black "Rakshitta Ravi"]
[Result "1/2-1/2"]
[WhiteElo "2341"]
[BlackElo "2112"]
[Annotator "NA"]
[PlyCount "95"]
[EventDate "2019.07.06"]
[EventType "swiss"]
[EventCountry "POL"]
[SourceTitle "playchess.com"]
[Source "ChessBase"]
[SourceQuality "1"]
[TimeControl "40/5400+30:1800+30"]

1. e4 e5 2. Nf3 Nc6 3. Bc4 Bc5 4. O-O d6 5. c3 Nf6 6. d3 h6 7. a4 a6 8. Nbd2 Ba7 9. Re1 Ng4 10. Re2 Ne7 11. Nf1 Ng6 12. h3 Nf6 13. Ng3 O-O 14. Re1 Be6 15. Bxe6 fxe6 16. d4 Qe7 17. dxe5 dxe5 18. Be3 Bxe3 19. Rxe3 Nd7 20. Qb3 b6 21. Qc4 Kh7 22. b4 c5 23. b5 a5 24. Qf1 Rf6 25. Rd1 Nf4 26. Ne2 c4 27. Nxf4 exf4 28. Ree1 Rc8 29. e5 Rf5 30. Rd4 Rc5 31. Rxc4 Nxe5 32. Nxe5 Rcxe5 33. Rxe5 Rxe5 34. Qd3+ Kg8 35. Rxf4 Re1+ 36. Kh2 Qc7 37. Qg3 e5 38. Rf6 Kh8 39. Rc6 Qd8 40. Qg4 Qd3 41. Qe6 Kh7 42. Rc8 Rf1 43. Qg8+ Kg6 44. Rc6+ Kh5 45. Qe8+ Kh4 46. g3+ Kg5 47. Qxe5+ Qf5 48. Qxg7+ 1/2-1/2